000
00208 a2200097 4500
001
42093
100
_a
Sichle, N D
245
_a
Modern Airmanshi
260
_a
_b
D Van Nostrand Co.
_c
090
_c
26099
_d
26099
942
_a
NUST-CAE
_c
M
_c
17890
999
_c
277166
_d
277166